Анализ электрической части подстанции 220/110/10 кВ; Проблемы геологии и освоения недр; Т. 2

গ্রন্থ-পঞ্জীর বিবরন
Parent link:Проблемы геологии и освоения недр=Problems of Geology and Subsurface Development: труды XXIV Международного симпозиума имени академика М. А. Усова студентов и молодых учёных, посвященного 75-летию Победы в Великой Отечественной войне, Томск, 6-10 апреля 2020 г./ Национальный исследовательский Томский политехнический университет, Инженерная школа природных ресурсов ; гл. ред. А. С. Боев ; под ред. Е. Ю. Пасечник.— , 2020
Т. 2.— 2020.— [С. 191-192]
প্রধান লেখক: Моисеенко К. А. Константин Александрович
সংস্থা লেখক: Национальный исследовательский Томский политехнический университет Инженерная школа энергетики Отделение электроэнергетики и электротехники (ОЭЭ), Национальный исследовательский Томский политехнический университет Школа базовой инженерной подготовки Отделение общетехнических дисциплин
অন্যান্য লেখক: Космынина Н. М. Нина Михайловна (научный руководитель)
সংক্ষিপ্ত:Заглавие с экрана
ভাষা:রুশ
প্রকাশিত: 2020
মালা:Энергосбережение, автоматизация объектов нефтегазовой промышленности
বিষয়গুলি:
অনলাইন ব্যবহার করুন:http://earchive.tpu.ru/handle/11683/62961
বিন্যাস: বৈদ্যুতিক গ্রন্থের অধ্যায়
KOHA link:https://koha.lib.tpu.ru/cgi-bin/koha/opac-detail.pl?biblionumber=631482

MARC

LEADER 00000naa2a2200000 4500
001 631482
005 20231101133650.0
035 |a (RuTPU)RU\TPU\conf\33183 
035 |a RU\TPU\conf\33182 
090 |a 631482 
100 |a 20200904d2020 k y0rusy50 ca 
101 0 |a rus 
102 |a RU 
105 |a y z 100zy 
135 |a drcn ---uucaa 
181 0 |a i  
182 0 |a b 
200 1 |a Анализ электрической части подстанции 220/110/10 кВ  |f К. А. Моисеенко  |g науч. рук. Н. М. Космынина 
203 |a Текст  |c электронный 
225 1 |a Энергосбережение, автоматизация объектов нефтегазовой промышленности 
230 |a 1 компьютерный файл (pdf; 810 Kb) 
300 |a Заглавие с экрана 
320 |a [Библиогр.: с. 192 (8 назв.)] 
461 1 |0 (RuTPU)RU\TPU\conf\32983  |t Проблемы геологии и освоения недр  |l Problems of Geology and Subsurface Development  |o труды XXIV Международного симпозиума имени академика М. А. Усова студентов и молодых учёных, посвященного 75-летию Победы в Великой Отечественной войне, Томск, 6-10 апреля 2020 г.  |o в 2 т.  |f Национальный исследовательский Томский политехнический университет, Инженерная школа природных ресурсов ; гл. ред. А. С. Боев ; под ред. Е. Ю. Пасечник  |d 2020 
463 1 |0 (RuTPU)RU\TPU\conf\32985  |t Т. 2  |v [С. 191-192]  |d 2020 
610 1 |a труды учёных ТПУ 
610 1 |a электронный ресурс 
610 1 |a анализ 
610 1 |a электрические части 
610 1 |a подстанции 
610 1 |a распределение 
610 1 |a электрическая энергия 
610 1 |a электрооборудование 
610 1 |a распределительные устройства 
700 1 |a Моисеенко  |b К. А.  |c специалист в области нефтепромыслового оборудования  |c техник Томского политехнического университета  |f 1997-  |g Константин Александрович  |2 stltpush  |3 (RuTPU)RU\TPU\pers\44780 
702 1 |a Космынина  |b Н. М.  |c специалист в области электроэнергетики  |c доцент Томского политехнического университета, кандидат технических наук  |f 1953-  |g Нина Михайловна  |2 stltpush  |4 727 
712 0 2 |a Национальный исследовательский Томский политехнический университет  |b Инженерная школа энергетики  |b Отделение электроэнергетики и электротехники (ОЭЭ)  |h 8022  |2 stltpush  |3 (RuTPU)RU\TPU\col\23505 
712 0 2 |a Национальный исследовательский Томский политехнический университет  |b Школа базовой инженерной подготовки  |b Отделение общетехнических дисциплин  |h 8035  |2 stltpush  |3 (RuTPU)RU\TPU\col\23550 
801 2 |a RU  |b 63413507  |c 20200925  |g RCR 
856 4 |u http://earchive.tpu.ru/handle/11683/62961 
942 |c BK